000
00301nam a22001337a 4500
008
170825b xxu||||| |||| 00| 0 eng d
020
_a
9781305029798
041
_a
eng
080
_a
070
100
_a
39
101
_a
MED
245
_a
COMPOSITION & COMMUNICATION I
_c
VERDEBER,K.S
942
_2
udc
_c
BK
999
_c
24997
_d
24997